Catálogo del Museo de Reproducciones Artísticas / (Record no. 44059)

MARC details
000 -LEADER
campo de control de longitud fija 01735nam a2200325 i 4500
001 - NÚMERO DE CONTROL
campo de control 44059
003 - IDENTIFICADOR DE NÚMERO DE CONTROL
campo de control ES-MaACL
005 - FECHA Y HORA DE LA ÚLTIMA TRANSACCIÓN
campo de control 20250717140808.0
007 - CAMPO FIJO DE DESCRIPCIÓN FÍSICA--INFORMACIÓN GENERAL
campo de control de longitud fija t|
008 - DATOS DE LONGITUD FIJA--INFORMACIÓN GENERAL
campo de control de longitud fija 030320m19121915sp cef c |||| | spa d
080 ## - NÚMERO DE LA CLASIFICACIÓN DECIMAL UNIVERSAL
Número de la Clasificación Decimal Universal 7.032.6/.7:069.538(460.27 M.)
110 2# - ENTRADA PRINCIPAL--NOMBRE DE ENTIDAD CORPORATIVA
Nombre de entidad corporativa o nombre de jurisdicción como elemento de entrada Museo Nacional de Reproducciones Artísticas (España)
9 (RLIN) 151574
245 10 - MENCIÓN DEL TÍTULO
Título Catálogo del Museo de Reproducciones Artísticas /
Mención de responsabilidad, etc. [prólogo, J.R. Mélida].
260 ## - PUBLICACIÓN, DISTRIBUCIÓN, ETC.
Lugar de publicación, distribución, etc. Madrid :
Nombre del editor, distribuidor, etc. [s.n.],
Fecha de publicación, distribución, etc. 1912-1915 (
Fabricante Imp. de los Hijos de Tello)
300 ## - DESCRIPCIÓN FÍSICA
Extensión 2 v. :
Otras características físicas lám. ;
Dimensiones 21-22 cm.
500 ## - NOTA GENERAL
Nota general Índices.
504 ## - NOTA DE BIBLIOGRAFÍA, ETC.
Nota de bibliografía, etc. Bibliografía: p. [509]-514 (v. 1), p. [243]-247 (v. 2)
505 8# - NOTA DE CONTENIDO CON FORMATO
Nota de contenido con formato Contiene: I. Escultura antigua / con una fototipia de Hauser y Menet y fotograbados de Laporta ; [prólogo de la primera edición / Juan F. Riaño] . El Casón del Buen Retiro / Francisco Guillén Robles . El techo pintado por Lucás Jordán / Casto María del Rivero (LXXX, 532 p., [2] h. de lám., XL h. de lám.: 2 retr., 1 plano) - II. Artes decorativas de la antigüedad clásica / con fotograbados de Laporta (X, 262 p., XVIII h. de lám.)
594 ## - Nota al título y mención de responsabilidad
Nota al título y mención de responsabilidad Tít. de cub. del v. I: Arte oriental y arte griego.
610 24 - PUNTO DE ACCESO ADICIONAL DE MATERIA--NOMBRE DE ENTIDAD CORPORATIVA
Nombre de entidad corporativa o nombre de jurisdicción como elemento de entrada Museo Nacional de Reproducciones Artísticas (España)-
Subdivisión de forma Catálogos.
9 (RLIN) 152170
700 1# - ENTRADA AGREGADA--NOMBRE PERSONAL
Nombre de persona Mélida y Alinari, José Ramón,
Fechas asociadas al nombre 1856-1933
9 (RLIN) 79969
700 1# - ENTRADA AGREGADA--NOMBRE PERSONAL
Nombre de persona Riaño, Juan Facundo,
Fechas asociadas al nombre 1828-1901
9 (RLIN) 96682
700 1# - ENTRADA AGREGADA--NOMBRE PERSONAL
Nombre de persona Guillén Robles, F.
9 (RLIN) 127626
700 1# - ENTRADA AGREGADA--NOMBRE PERSONAL
Nombre de persona Rivero, Casto María del.
9 (RLIN) 97678
700 1# - ENTRADA AGREGADA--NOMBRE PERSONAL
Nombre de persona Laporta, Francisco,
Fechas asociadas al nombre 1850-1914
9 (RLIN) 152865
710 2# - ENTRADA AGREGADA--NOMBRE DE ENTIDAD CORPORATIVA
Nombre de entidad corporativa o nombre de jurisdicción como elemento de entrada Hauser y Menet (Madrid)
9 (RLIN) 4558
752 ## - ENTRADA AGREGADA--NOMBRE JERÁRQUICO DEL LUGAR
País o entidad superior España -
Ciudad Madrid
852 ## - LOCALIZACIÓN
Ubicación ES-MaACL
Número de control de estantería F-13501-02
Nota libre - Enc. pasta (v. 1) - Enc. cart. ed. (v. 2)
Holdings
Estatus retirado Estado de pérdida Estado de daño No para préstamo Biblioteca de origen Biblioteca actual Ubicación en estantería Fecha de adquisición Fuente de adquisición Total de préstamos Signatura topográfica completa Código de barras Visto por última vez Precio de reemplazo Tipo de ítem Koha
        Biblioteca del Ateneo de Madrid Biblioteca del Ateneo de Madrid Sala Pecera Planta 2 17/01/2008     F-13501-02 1046372 23/02/2023 23/02/2023 Libro impreso